| 000 | 00914cam a2200325 4500500 | ||
|---|---|---|---|
| 005 | 20260329003717.0 | ||
| 041 | _afre | ||
| 042 | _adc | ||
| 100 | 1 | 0 |
_aPortevin, Catherine _eauthor |
| 245 | 0 | 0 | _aChantal Jaquet, Magyd Cherfi. Entre les classes |
| 260 | _c2016. | ||
| 500 | _a9 | ||
| 690 | _aArabes | ||
| 690 | _aAssimilation | ||
| 690 | _aChantal Jaquet | ||
| 690 | _aClasse laborieuse | ||
| 690 | _aClasses | ||
| 690 | _aClasses populaires | ||
| 690 | _aIdentité | ||
| 690 | _aImmigration | ||
| 690 | _aLumpenprolétariat | ||
| 690 | _aMagyd Cherfi | ||
| 690 | _aMusulmans | ||
| 690 | _aprolétariat | ||
| 690 | _aSociologie | ||
| 690 | _aTransclasse | ||
| 690 | _aTransidentité | ||
| 786 | 0 | _nPhilosophie magazine | 102 | 9 | 2016-09-01 | p. 40-41 | 1951-1787 | |
| 856 | 4 | 1 | _uhttps://shs.cairn.info/magazine-philosophie-magazine-2016-9-page-40?lang=fr&redirect-ssocas=7080 |
| 999 |
_c1826942 _d1826942 |
||